| 000 | 00567 a2200229 4500 | ||
|---|---|---|---|
| 001 | 160674 | ||
| 003 | TR-AnTOB | ||
| 005 | 20240730170027.0 | ||
| 008 | 090525s2009 enk 00000 eng | ||
| 040 |
_aTR-AnTOB _cTR-AnTOB |
||
| 041 | _aeng | ||
| 050 | _aHF302 | ||
| 090 | _aHF302 | ||
| 099 | _aT001275 EMBe | ||
| 245 | 0 |
_aMembers' directroy 2009 : _bDudley, Sandwell, Walsall, Wolverhampton. |
|
| 264 | 1 |
_aİngiltere : _bblack Country Chamber of Commerce, _c2009. |
|
| 902 | _aT001275 | ||
| 903 | _aTOBB Koleksiyonu | ||
| 942 |
_cBK _2lcc |
||
| 945 | _aÇP | ||
| 999 |
_c160674 _d26868 |
||